College of Accounting (Record no. 6052)

MARC details
005 - DATE AND TIME OF LATEST TRANSACTION
control field 20250628142253.0
020 ## - INTERNATIONAL STANDARD BOOK NUMBER
International Standard Book Number 0-618-38163-5
082 ## - DEWEY DECIMAL CLASSIFICATION NUMBER
Classification number 657.004 MCQ
100 ## - MAIN ENTRY--PERSONAL NAME
Author name McQUAG, D.J.
245 ## - TITLE STATEMENT
Title College of Accounting
250 ## - EDITION STATEMENT
Edition statement 8th Ed.
260 ## - PUBLICATION, DISTRIBUTION, ETC.
Place of publication, distribution, etc. New York
Name of publisher, distributor, etc. Houghton Mifflin Company
Date of publication, distribution, etc. 2005
300 ## - PHYSICAL DESCRIPTION
Extent xxii; 328Pages
Other physical details Picture; Tables
Dimensions 24cm
700 ## - ADDED ENTRY--PERSONAL NAME
Other authors/Editors BILLE, P.A.
942 ## - ADDED ENTRY ELEMENTS (KOHA)
Source of classification or shelving scheme Dewey Decimal Classification
Koha item type Books
Holdings
Date last seen Total checkouts Full call number Barcode Cost, replacement price Price effective from Koha item type Lost status Source of classification or shelving scheme Damaged status Not for loan Withdrawn status Home library Current library Shelving location Date acquired Source of acquisition Cost, normal purchase price
06/28/2025   657.044 MCQ DOM000494 300000.00 06/28/2025 Books   Dewey Decimal Classification       CBE Dodoma CBE Dodoma Reference Collection 11/07/2007 Library Budget 100000.00